000 00687nam a2200289Ia 4500
008 160321s9999||||xx |||||||||||||| ||und||
040 _cEnglish
082 _aXI.C/Laubach
082 _bBORI-38907
100 _aFrank C. Laubach
245 _aLetters by A Modern Mystic
260 _aNew York
260 _c1937
300 _a47
300 _cA
300 _ePaperback
530 _bJayantilal Seth
530 _u104106
563 _aStudy
600 _aFrank C. Laubach
630 _aLetters by A Modern Mystic
650 _aGeneral Indology
650 _aPhilosophy
700 _aFrank C. Laubach
730 _aLetters by A Modern Mystic
942 _cBOOK
999 _c1361756
_d1361753